000 00450nam a2200169 4500
001 20140
005 20230410124047.0
008 060907n2004 dr spa
020 _a849625626X
035 _9funglode20292
041 _aES
050 1 4 _aLC 314 E24 2004
245 0 _aEducación en valores :
_bteoría y práctica para los docentes
260 _a[Vigo] :
_bIdeaspropias Editorial,
_c2004
300 _a95 p.
942 _2lcc
_cbk
999 _c70185
_d70185